[Event "US Open-115"]
[Site "Orlando"]
[Date "2014.08.03"]
[Round "9"]
[White "Chen, Baining"]
[Black "Skidmore, Jennifer M"]
[Result "1-0"]
[WhiteElo "2026"]
[BlackElo "1947"]
[PlyCount "147"]
[EventDate "2014.07.26"]
[EventType "swiss"]
[EventRounds "9"]
[EventCountry "USA"]
[SourceTitle "CBM 161 Extra"]
[Source "ChessBase"]
[SourceDate "2014.08.29"]
[SourceVersion "1"]
[SourceVersionDate "2014.08.29"]
[SourceQuality "1"]

1. e4 e5 2. Nf3 d6 3. d4 exd4 4. Nxd4 Be7 5. Nc3 Nf6 6. Be2 0-0 7. Bf4 Re8 8. Qd2 Nbd7 9. f3 Nc5 10. 0-0-0 a5 11. g4 a4 12. a3 Bd7 13. h4 Ne6 14. Nxe6 Bxe6 15. h5 Nd7 16. g5 Ne5 17. Rdg1 c6 18. Be3 b5 19. f4 Nc4 20. Bxc4 Bxc4 21. f5 b4 22. Nb1 c5 23. g6 Bf6 24. h6 fxg6 25. fxg6 Ra7 26. hxg7 Rxg7 27. Rxh7 Rxh7 28. gxh7+ Kh8 29. axb4 cxb4 30. Qxb4 Rxe4 31. Rg8+ Bxg8 32. hxg8Q+ Qxg8 33. Qxe4 Qg7 34. c3 Qd7 35. Qa8+ Kg7 36. Qa7 Qxa7 37. Bxa7 Kg6 38. Bd4 Bg5+ 39. Kc2 Kf5 40. Na3 d5 41. Nb5 Be7 42. Nc7 Ke4 43. Ne6 a3 44. b4 Bd6 45. Kb3 a2 46. Kxa2 Kd3 47. Kb3 Ke4 48. b5 Kf5 49. Nc5 Bc7 50. Na6 Bf4 51. b6 Ke4 52. b7 Kd3 53. b8Q Bxb8 54. Nxb8 Kd2 55. Nd7 Kd3 56. Nf6 Ke2 57. Nxd5 Kf3 58. Nf6 Kf4 59. c4 Kf5 60. c5 Ke6 61. Kc4 Ke7 62. Kd5 Kd8 63. Kd6 Kc8 64. Ba1 Kd8 65. Ne4 Kc8 66. Nd2 Kb8 67. c6 Kc8 68. c7 Kb7 69. Kd7 Kb6 70. c8Q Kb5 71. Qc4+ Kb6 72. Bd4+ Kb7 73. Qc6+ Kb8 74. Qc8# 1-0

[Event "US Open-115"]
[Site "Orlando"]
[Date "2014.08.02"]
[Round "8"]
[White "Skidmore, Jennifer M"]
[Black "Kalyan, Suchinder"]
[Result "1-0"]
[WhiteElo "1947"]
[BlackElo "1685"]
[PlyCount "73"]
[EventDate "2014.07.26"]
[EventType "swiss"]
[EventRounds "9"]
[EventCountry "USA"]
[SourceTitle "CBM 161 Extra"]
[Source "ChessBase"]
[SourceDate "2014.08.29"]
[SourceVersion "1"]
[SourceVersionDate "2014.08.29"]
[SourceQuality "1"]

1. e4 c5 2. Nc3 Nc6 3. f4 g6 4. Nf3 Bg7 5. Bb5 Nd4 6. 0-0 Nxb5 7. Nxb5 d5 8. e5 Bg4 9. c3 a6 10. Na3 e6 11. Nc2 Ne7 12. d4 cxd4 13. Ncxd4 0-0 14. Qe1 Rc8 15. Ng5 h6 16. Ngf3 h5 17. Ng5 Qb6 18. h3 Bf5 19. Rf2 Bh6 20. Be3 Qd8 21. Ngf3 b5 22. g4 hxg4 23. hxg4 Bxg4 24. Rh2 Bh5 25. Rxh5 gxh5 26. Qh4 Ng6 27. Qxh5 Kg7 28. Kf2 Rh8 29. Rg1 Qd7 30. Nh4 Bg5 31. Qxg5 Rxh4 32. Qxh4 Rh8 33. Qf6+ Kg8 34. f5 exf5 35. Nxf5 Rh2+ 36. Ke1 Kf8 37. Rxg6 1-0

[Event "Michigan Class A"]
[Site "Auburn Hills"]
[Date "2005.01.15"]
[Round "3.3"]
[White "Skidmore, Jennifer M"]
[Black "Gattinger, John"]
[Result "1-0"]
[WhiteElo "1882"]
[BlackElo "1835"]
[PlyCount "85"]
[EventDate "2005.01.15"]
[EventType "swiss"]
[EventRounds "5"]
[EventCountry "USA"]
[SourceTitle "EXT 2006"]
[Source "ChessBase"]
[SourceDate "2005.11.24"]
[SourceVersion "1"]
[SourceVersionDate "2005.11.24"]
[SourceQuality "1"]

1. e4 c6 2. d4 d5 3. exd5 cxd5 4. Bd3 Nf6 5. Bf4 e6 6. Nf3 Nc6 7. c3 Be7 8. 0-0 Nh5 9. Be3 Qc7 10. Nbd2 f5 11. Bb5 Bd7 12. Bxc6 bxc6 13. Ne5 Nf6 14. Bf4 Bd6 15. Re1 h6 16. Qe2 0-0-0 17. Ndf3 Ne4 18. Be3 Be8 19. Nd2 g5 20. f4 Bxe5 21. dxe5 gxf4 22. Bxf4 Rd7 23. Nb3 Rg7 24. Nd4 Qb6 25. Be3 c5 26. Nf3 Bb5 27. Qc2 Rg4 28. a4 Ba6 29. b4 Rhg8 30. Ra2 R4g6 31. bxc5 Qc7 32. h3 Rg3 33. Kh2 Rxf3 34. gxf3 Qxe5+ 35. f4 Qxc3 36. Qxc3 Nxc3 37. Rb2 Kc7 38. Bd4 Ne4 39. Reb1 Ng3 40. Rg2 Bd3 41. Rbg1 Be4 42. Rxg3 Rb8 43. Be5+ 1-0

[Event "Michigan op (Women)"]
[Site "Warren"]
[Date "2004.11.20"]
[Round "2"]
[White "Skidmore, Jennifer M"]
[Black "Payne, Ashlee"]
[Result "1-0"]
[WhiteElo "1872"]
[BlackElo "1242"]
[PlyCount "70"]
[EventDate "2004.11.20"]
[EventType "swiss"]
[EventRounds "5"]
[EventCountry "USA"]
[SourceTitle "EXT 2007"]
[Source "ChessBase"]
[SourceDate "2006.11.23"]
[SourceVersion "1"]
[SourceVersionDate "2006.11.23"]
[SourceQuality "1"]

1. e4 e5 2. f4 d6 3. Bc4 Nf6 4. Nc3 Nc6 5. Nf3 Bg4 6. 0-0 Be7 7. h3 Bxf3 8. Rxf3 Nd4 9. Rf1 Qd7 10. d3 a6 11. a3 b5 12. Ba2 Nc6 13. Ne2 Nd8 14. Be3 c5 15. Qe1 Nc6 16. fxe5 dxe5 17. Qf2 Nd4 18. Ng3 Rc8 19. c3 Ne6 20. Rad1 Qc6 21. Bd5 Qb6 22. b4 0-0 23. Nf5 Rfe8 24. bxc5 Bxc5 25. Bxe6 Bxe3 26. Bxf7+ Kxf7 27. Nxe3 Rxc3 28. Kh1 Rc6 29. Qa2+ Ke7 30. Rxf6 gxf6 31. Nd5+ Kd7 32. Nxb6+ Rxb6 33. Rc1 Ree6 34. Qd5+ Rbd6 35. Qb7+ Ke8 1-0

[Event "Michigan op (Women)"]
[Site "Warren"]
[Date "2004.11.20"]
[Round "3"]
[White "Tabak, Alla"]
[Black "Skidmore, Jennifer M"]
[Result "1-0"]
[WhiteElo "1487"]
[BlackElo "1872"]
[PlyCount "116"]
[EventDate "2004.11.20"]
[EventType "swiss"]
[EventRounds "5"]
[EventCountry "USA"]
[SourceTitle "EXT 2007"]
[Source "ChessBase"]
[SourceDate "2006.11.23"]
[SourceVersion "1"]
[SourceVersionDate "2006.11.23"]
[SourceQuality "1"]

1. c4 e6 2. Nc3 d5 3. d4 c6 4. g3 dxc4 5. Bg2 Bb4 6. e3 Nf6 7. Nge2 Nd5 8. 0-0 Nd7 9. e4 N5f6 10. a3 Be7 11. g4 0-0 12. g5 Ne8 13. f4 f5 14. e5 Nc7 15. b3 cxb3 16. Qxb3 Nd5 17. Nxd5 exd5 18. Rb1 Re8 19. Ng3 g6 20. h4 Nf8 21. h5 Rb8 22. a4 Be6 23. Ba3 Qc7 24. Rbc1 Bxa3 25. Qxa3 Qf7 26. hxg6 Qxg6 27. Kf2 Rec8 28. Rh1 Rc7 29. Rh6 Qe8 30. Nh5 Qe7 31. Nf6+ Kh8 32. Qc3 a6 33. Rch1 Bg8 34. Bh3 Be6 35. Qd3 c5 36. Bxf5 Bxf5 37. Qxf5 cxd4 38. Nxh7 Nxh7 39. Rxh7+ Qxh7 40. Rxh7+ Rxh7 41. e6 Re8 42. Qxd5 Rhe7 43. Qxd4+ Kh7 44. Qe4+ Kh8 45. f5 Kg8 46. Kf3 b5 47. axb5 axb5 48. Qb4 Rb7 49. Qb3 Kg7 50. f6+ Kg6 51. f7 Rf8 52. Kg4 b4 53. Qd3+ Kg7 54. Qd4+ Kg6 55. Qe4+ Kg7 56. Qxb7 b3 57. Qxb3 Rc8 58. Qb2+ Kh7 1-0

[Event "Michigan Amateur op"]
[Site "Kalamazoo"]
[Date "2004.10.23"]
[Round "2"]
[White "Skidmore, Jennifer M"]
[Black "Kelly, James E"]
[Result "1-0"]
[WhiteElo "1872"]
[BlackElo "1567"]
[PlyCount "43"]
[EventDate "2004.10.23"]
[EventType "swiss"]
[EventRounds "5"]
[EventCountry "USA"]
[SourceTitle "EXT 2007"]
[Source "ChessBase"]
[SourceDate "2006.11.23"]
[SourceVersion "1"]
[SourceVersionDate "2006.11.23"]
[SourceQuality "1"]

1. e4 c5 2. Nc3 a6 3. f4 d6 4. Nf3 Nc6 5. g3 e6 6. Bg2 Nf6 7. 0-0 Be7 8. d3 0-0 9. Ne2 b6 10. h3 Bb7 11. g4 Qc7 12. Ng3 Nd4 13. Nh2 g6 14. c3 Nc6 15. g5 Nd7 16. Ng4 Rfe8 17. h4 Bf8 18. h5 Bg7 19. Nh6+ Kf8 20. f5 exf5 21. exf5 Be5 22. fxg6 1-0

[Event "Michigan Amateur op"]
[Site "Kalamazoo"]
[Date "2004.10.23"]
[Round "3"]
[White "Thach, Scott"]
[Black "Skidmore, Jennifer M"]
[Result "0-1"]
[WhiteElo "1703"]
[BlackElo "1872"]
[PlyCount "102"]
[EventDate "2004.10.23"]
[EventType "swiss"]
[EventRounds "5"]
[EventCountry "USA"]
[SourceTitle "EXT 2007"]
[Source "ChessBase"]
[SourceDate "2006.11.23"]
[SourceVersion "1"]
[SourceVersionDate "2006.11.23"]
[SourceQuality "1"]

1. e4 e5 2. Nf3 d6 3. d4 Nf6 4. Nc3 exd4 5. Nxd4 Be7 6. Be2 0-0 7. 0-0 Re8 8. f4 Nbd7 9. Bf3 Bf8 10. Nde2 c6 11. Be3 Nxe4 12. Bxe4 f5 13. Bxc6 bxc6 14. Bf2 Nf6 15. h3 d5 16. Nd4 Qd6 17. Qf3 Ne4 18. Rad1 Bd7 19. Nb3 Qb4 20. a3 Qc4 21. Rd4 Qa6 22. Ra4 Qb7 23. Ra5 Qc7 24. Qe3 a6 25. Qd3 Nxf2 26. Rxf2 Qb6 27. Kf1 Re3 28. Nxd5 cxd5 29. Qxd5+ Be6 30. Qxa8 Bxb3 31. Rxf5 Bc4+ 32. Kg1 Re1+ 33. Kh2 Bf7 34. Qf3 Qxb2 35. Rd2 Qxa3 36. Qb7 Re7 37. Qb8 g6 38. Rf6 Qc3 39. Rfd6 Re8 40. Rd8 Qxd2 41. Rxe8 Bxe8 42. Qxe8 Qxf4+ 43. Kh1 Qf7 44. Qa4 Qf1+ 45. Kh2 Bd6+ 46. g3 Qf2+ 47. Kh1 Qf3+ 48. Kg1 Bc5+ 49. Qd4 Bxd4+ 50. Kh2 Qf2+ 51. Kh1 Qg1# 0-1

[Event "Lansing op"]
[Site "Lansing"]
[Date "2004.09.06"]
[Round "6"]
[White "Skidmore, Jennifer M"]
[Black "Thach, Scott"]
[Result "1/2-1/2"]
[WhiteElo "1872"]
[BlackElo "1628"]
[PlyCount "98"]
[EventDate "2004.09.03"]
[EventType "swiss"]
[EventRounds "7"]
[EventCountry "USA"]
[SourceTitle "EXT 2007"]
[Source "ChessBase"]
[SourceDate "2006.11.23"]
[SourceVersion "1"]
[SourceVersionDate "2006.11.23"]
[SourceQuality "1"]

1. e4 e6 2. d4 d5 3. exd5 exd5 4. Bd3 Bd6 5. f4 Ne7 6. Nf3 c5 7. c3 Bg4 8. 0-0 Qb6 9. Qa4+ Nbc6 10. Ne5 Bxe5 11. fxe5 cxd4 12. Kh1 Bd7 13. Qc2 Nxe5 14. Re1 Nxd3 15. Qxd3 Be6 16. cxd4 0-0 17. Nc3 Rac8 18. Re2 Rc4 19. Be3 Rfc8 20. Bg1 Ng6 21. Rd2 Qc6 22. Rf1 Qd7 23. Qf3 b5 24. Qd3 a6 25. Ne2 Qc7 26. h3 Rc2 27. Rfd1 Ne7 28. Bh2 Rxd2 29. Rxd2 Qa5 30. a3 Bf5 31. Qe3 Be4 32. Nc3 f5 33. Qg5 Qd8 34. Bg3 Nc6 35. Qf4 Qf6 36. Bh4 Qe6 37. Kh2 h6 38. Bf2 Na5 39. Re2 Nc4 40. h4 Qe7 41. h5 Qe6 42. g4 g5 43. hxg6 Qxg6 44. Bg3 Qxg4 45. Qxg4+ fxg4 46. Nxe4 dxe4 47. Rxe4 Nxb2 48. Rxg4+ Kf7 49. Rh4 Rc2+ 1/2-1/2

[Event "Lansing op"]
[Site "Lansing"]
[Date "2004.09.05"]
[Round "5"]
[White "Kleist, Frederick"]
[Black "Skidmore, Jennifer M"]
[Result "1-0"]
[WhiteElo "2083"]
[BlackElo "1872"]
[PlyCount "101"]
[EventDate "2004.09.03"]
[EventType "swiss"]
[EventRounds "7"]
[EventCountry "USA"]
[SourceTitle "EXT 2007"]
[Source "ChessBase"]
[SourceDate "2006.11.23"]
[SourceVersion "1"]
[SourceVersionDate "2006.11.23"]
[SourceQuality "1"]

1. d4 d5 2. c4 e6 3. Nc3 c6 4. e4 Bb4 5. e5 Ne7 6. a3 Bxc3+ 7. bxc3 dxc4 8. Bxc4 Nd5 9. Qg4 g6 10. Ne2 Nd7 11. 0-0 b5 12. Bd3 a6 13. Bg5 Qc7 14. Rfc1 h6 15. Bd2 N7b6 16. Ng3 Bb7 17. Ne4 0-0-0 18. c4 bxc4 19. Bxc4 Nxc4 20. Rxc4 Qb6 21. Nd6+ Rxd6 22. exd6 Kd7 23. Qf3 f5 24. Bb4 Qb5 25. Rac1 a5 26. Rc5 Qb6 27. Bxa5 Qb2 28. Qd3 Nf4 29. Qb1 Qxb1 30. Rxb1 Ba6 31. Rb6 Ne2+ 32. Kh1 Ra8 33. Rcxc6 Bc8 34. Rc7+ Kd8 35. Rb5 Ke8 36. Re7+ Kf8 37. d7 Ba6 38. Re8+ Rxe8 39. dxe8Q+ Kxe8 40. Rb6 Bc4 41. Rb4 Bd5 42. Bc7 g5 43. h3 h5 44. a4 h4 45. a5 f4 46. f3 Kd7 47. Be5 Nc1 48. a6 Nd3 49. Rb8 Nf2+ 50. Kh2 Nd3 51. a7 1-0

[Event "Lansing op"]
[Site "Lansing"]
[Date "2004.09.04"]
[Round "3"]
[White "Skidmore, Jennifer M"]
[Black "Baze, Lineas"]
[Result "1-0"]
[WhiteElo "1872"]
[BlackElo "2001"]
[PlyCount "68"]
[EventDate "2004.09.03"]
[EventType "swiss"]
[EventRounds "7"]
[EventCountry "USA"]
[SourceTitle "EXT 2007"]
[Source "ChessBase"]
[SourceDate "2006.11.23"]
[SourceVersion "1"]
[SourceVersionDate "2006.11.23"]
[SourceQuality "1"]

1. e4 c5 2. Nc3 Nc6 3. f4 g6 4. Nf3 Bg7 5. Bb5 e6 6. Bxc6 bxc6 7. 0-0 d6 8. d3 Ne7 9. Qe1 0-0 10. Qh4 f6 11. Be3 Kh8 12. e5 Nd5 13. Bd2 Nxc3 14. Bxc3 dxe5 15. fxe5 f5 16. Ng5 h6 17. Nf7+ Kg8 18. Nxd8 g5 19. Qc4 Rxd8 20. Rxf5 Rd5 21. Rf3 a5 22. Re1 Ba6 23. Qe4 Rad8 24. Qg6 c4 25. Qxe6+ Kh8 26. Qe7 cxd3 27. cxd3 Bxd3 28. e6 Rg8 29. Rf8 Bxc3 30. Rxg8+ Kxg8 31. Qf7+ Kh8 32. bxc3 Rf5 33. Qe8+ Kg7 34. Qd7+ Kh8 1-0

[Event "Kalamazoo op1"]
[Site "Kalamazoo"]
[Date "2003.08.30"]
[Round "1.32"]
[White "Semerciyan, Sebuh"]
[Black "Skidmore, Jennifer M"]
[Result "0-1"]
[WhiteElo "1219"]
[BlackElo "1908"]
[PlyCount "90"]
[EventDate "2003.08.29"]
[EventType "swiss"]
[EventRounds "7"]
[EventCountry "USA"]
[SourceTitle "EXT 2007"]
[Source "ChessBase"]
[SourceDate "2006.11.23"]
[SourceVersion "1"]
[SourceVersionDate "2006.11.23"]
[SourceQuality "1"]

1. e4 e5 2. Nf3 d6 3. Nc3 Be7 4. g3 Nf6 5. Bg2 0-0 6. d3 c6 7. h3 Be6 8. Ng5 Bc8 9. 0-0 h6 10. Nf3 Be6 11. Kh2 Nbd7 12. Nh4 Ne8 13. Nf5 Bxf5 14. exf5 d5 15. f4 Bf6 16. Bd2 Nd6 17. g4 Re8 18. Rb1 Qe7 19. Re1 Rad8 20. Kh1 Bh4 21. Re2 Qf6 22. Qf1 Bg3 23. Qf3 Qh4 24. Bf1 e4 25. dxe4 d4 26. Nd1 Nc5 27. Kg2 Ncxe4 28. Bc1 Be1 29. c3 d3 30. Qxd3 Nxf5 31. Qf3 Rxd1 32. gxf5 Bd2 33. Rxe4 Rxe4 34. Qxe4 Bxc1 35. Be2 Qe1 36. Rxc1 Qh1+ 37. Kf2 Qxe4 38. Rxd1 Qxf4+ 39. Kg2 Kh7 40. Rd7 Qe4+ 41. Bf3 Qxf5 42. Rxb7 Qg5+ 43. Kf2 f5 44. Bxc6 Qd2+ 45. Kg3 Qd6+ 0-1

[Event "Kalamazoo op1"]
[Site "Kalamazoo"]
[Date "2003.08.30"]
[Round "2.23"]
[White "Skidmore, Jennifer M"]
[Black "Hankinson, Chris"]
[Result "0-1"]
[WhiteElo "1908"]
[BlackElo "2111"]
[PlyCount "70"]
[EventDate "2003.08.29"]
[EventType "swiss"]
[EventRounds "7"]
[EventCountry "USA"]
[SourceTitle "EXT 2007"]
[Source "ChessBase"]
[SourceDate "2006.11.23"]
[SourceVersion "1"]
[SourceVersionDate "2006.11.23"]
[SourceQuality "1"]

1. e4 g6 2. d4 Bg7 3. f4 c6 4. Nf3 d5 5. e5 Bg4 6. Be2 e6 7. 0-0 h5 8. Be3 Nh6 9. Nbd2 Nf5 10. Bf2 Bf8 11. c4 dxc4 12. Nxc4 Nd7 13. Ng5 Bxe2 14. Qxe2 Nb6 15. Rad1 Nd5 16. Qf3 h4 17. Qg4 b5 18. Nd2 Nde3 19. Bxe3 Nxe3 20. Qh3 Nxd1 21. Rxd1 Qxd4+ 22. Kh1 Qd5 23. Nge4 Be7 24. Qf3 Rd8 25. Re1 Kf8 26. Nf1 Qxa2 27. b3 b4 28. Rc1 Qa6 29. Nf6 c5 30. Ne3 Qa3 31. Rb1 Qa2 32. Qf1 Qd2 33. Nc4 Qd3 34. Qg1 h3 35. gxh3 Bxf6 0-1

[Event "Auburn Hills op"]
[Site "Auburn Hills"]
[Date "2002.04.28"]
[Round "5"]
[White "Skidmore, Jennifer M"]
[Black "Manion, Tom"]
[Result "1-0"]
[WhiteElo "1832"]
[BlackElo "1837"]
[PlyCount "73"]
[EventDate "2002.04.26"]
[EventType "swiss"]
[EventRounds "5"]
[EventCountry "USA"]
[SourceTitle "EXT 2007"]
[Source "ChessBase"]
[SourceDate "2006.11.23"]
[SourceVersion "1"]
[SourceVersionDate "2006.11.23"]
[SourceQuality "1"]

1. e4 e5 2. f4 exf4 3. Bc4 Qh4+ 4. Kf1 d6 5. d4 Qf6 6. Nc3 c6 7. Nf3 g5 8. h4 g4 9. Ng5 Nh6 10. Qe2 Bg7 11. e5 dxe5 12. Nce4 Qe7 13. dxe5 Bxe5 14. Bd2 0-0 15. Re1 Qc7 16. Nxh7 Kxh7 17. Ng5+ Kg7 18. Qxe5+ Qxe5 19. Rxe5 Nd7 20. Re7 Nb6 21. Bd3 Nd5 22. Re5 f6 23. Ne6+ Bxe6 24. Rxe6 Rae8 25. Rd6 Ne3+ 26. Kf2 Rf7 27. Rd4 Rfe7 28. Rxf4 Nd5 29. Rd4 Re5 30. Bxh6+ Kxh6 31. Rxg4 f5 32. Rg5 Nb4 33. Bxf5 Rf8 34. g4 Rf6 35. Rg8 Nxc2 36. g5+ Kh5 37. Rh8+ 1-0

[Event "Warren op (Women)"]
[Site "Warren"]
[Date "2001.12.15"]
[Round "2"]
[White "Gurski, Christina"]
[Black "Skidmore, Jennifer M"]
[Result "0-1"]
[WhiteElo "1107"]
[BlackElo "1870"]
[PlyCount "76"]
[EventDate "2001.12.15"]
[EventType "swiss"]
[EventRounds "4"]
[EventCountry "USA"]
[SourceTitle "EXT 2007"]
[Source "ChessBase"]
[SourceDate "2006.11.23"]
[SourceVersion "1"]
[SourceVersionDate "2006.11.23"]
[SourceQuality "1"]

1. e4 e5 2. Nf3 d6 3. d4 Nf6 4. Bg5 exd4 5. Nxd4 Be7 6. Nd2 c6 7. Bd3 Qb6 8. c3 Qxb2 9. Qc1 Qb6 10. 0-0 Qc5 11. Nf5 Bxf5 12. exf5 Nbd7 13. Re1 Ne5 14. Bxf6 gxf6 15. Bb1 0-0-0 16. Nb3 Qb6 17. Qe3 Rhg8 18. Qxb6 axb6 19. Be4 d5 20. Bf3 Nxf3+ 21. Kf1 Nxe1 22. Rxe1 Bd6 23. g3 Kc7 24. Nd2 Ra8 25. Nf3 Rxa2 26. Rc1 Rga8 27. Kg2 Rb2 28. Ne1 Raa2 29. Nd3 Rd2 30. Nb4 Rxf2+ 31. Kh3 Rxh2+ 32. Kg4 h5+ 33. Kf3 Raf2+ 34. Ke3 Bxg3 35. c4 Bf4+ 36. Kd3 Rf3+ 37. Kd4 Rd2+ 38. Nd3 Rdxd3# 0-1

[Event "Warren op (Women)"]
[Site "Warren"]
[Date "2001.12.15"]
[Round "3"]
[White "Skidmore, Jennifer M"]
[Black "Morley, Casey"]
[Result "1-0"]
[WhiteElo "1870"]
[BlackElo "1265"]
[PlyCount "97"]
[EventDate "2001.12.15"]
[EventType "swiss"]
[EventRounds "4"]
[EventCountry "USA"]
[SourceTitle "EXT 2007"]
[Source "ChessBase"]
[SourceDate "2006.11.23"]
[SourceVersion "1"]
[SourceVersionDate "2006.11.23"]
[SourceQuality "1"]

1. e4 c5 2. Nc3 d6 3. f4 Nf6 4. Nf3 g6 5. Bb5+ Bd7 6. Bxd7+ Nbxd7 7. 0-0 Bg7 8. d3 0-0 9. Qe1 Qb6 10. Rb1 Rac8 11. h3 Ne8 12. Nd5 Qd8 13. f5 e6 14. Bg5 Nef6 15. fxe6 fxe6 16. Nf4 Qe8 17. e5 dxe5 18. Nxe5 Nxe5 19. Qxe5 Rc6 20. c3 Qd7 21. Rbe1 Nh5 22. Qe3 Nxf4 23. Rxf4 Rxf4 24. Bxf4 Qd5 25. a3 Qa2 26. Re2 b6 27. Qe4 Qd5 28. Qe3 Qa2 29. Kh2 Qd5 30. c4 Qd4 31. Qf3 Rc8 32. Rxe6 Rf8 33. Re4 Qxb2 34. Re2 Qxa3 35. Qd5+ Kh8 36. Bd6 Rd8 37. Qf7 Qa4 38. Re7 Rg8 39. Rxa7 Qe8 40. Qf4 Rf8 41. Bxf8 Be5 42. Bg7+ Bxg7 43. Qe4 Qb8+ 44. g3 Qd6 45. Qe8+ Bf8 46. Qf7 Qe7 47. Rxe7 Bxe7 48. Qxe7 Kg8 49. Kg2 1-0

[Event "Lansing op"]
[Site "Lansing"]
[Date "2001.09.01"]
[Round "2"]
[White "Skidmore, Jennifer M"]
[Black "Thurman, John B"]
[Result "1/2-1/2"]
[WhiteElo "1906"]
[BlackElo "1601"]
[PlyCount "102"]
[EventDate "2001.08.31"]
[EventType "swiss"]
[EventRounds "7"]
[EventCountry "USA"]
[SourceTitle "EXT 2007"]
[Source "ChessBase"]
[SourceDate "2006.11.23"]
[SourceVersion "1"]
[SourceVersionDate "2006.11.23"]
[SourceQuality "1"]

1. e4 e5 2. f4 exf4 3. Bc4 d6 4. d4 Qh4+ 5. Kf1 Ne7 6. Qf3 Nbc6 7. c3 Ng6 8. g3 Qg4 9. Bxf4 Be7 10. Nd2 0-0 11. h3 Qxf3+ 12. Ngxf3 Nxf4 13. gxf4 Kh8 14. Kf2 f5 15. e5 Na5 16. Bd3 Be6 17. c4 dxe5 18. fxe5 b6 19. a3 Nb7 20. b4 c6 21. h4 Rad8 22. Ke3 Rd7 23. Kf4 Rfd8 24. Rag1 a5 25. Nb3 axb4 26. axb4 Bxb4 27. Ng5 Bg8 28. Bxf5 Re7 29. Rc1 Na5 30. Nxa5 bxa5 31. Ke4 a4 32. Rhd1 a3 33. d5 cxd5+ 34. cxd5 Bd6 35. Be6 Bb8 36. Ra1 h6 37. Nf3 Bxe6 38. dxe6 Rxd1 39. Rxd1 a2 40. Nd4 Ba7 41. Ra1 Bxd4 42. Kxd4 Ra7 43. Kd5 Kg8 44. Kd6 Kf8 45. e7+ Ke8 46. Ke6 Ra6+ 47. Kf5 Kxe7 48. h5 Kf7 49. e6+ Ke7 50. Kg6 Rxe6+ 51. Kxg7 Ra6 1/2-1/2

[Event "Detroit op"]
[Site "Detroit"]
[Date "2000.12.16"]
[Round "1"]
[White "McFolley, Tyrone"]
[Black "Skidmore, Jennifer M"]
[Result "0-1"]
[WhiteElo "1065"]
[BlackElo "1924"]
[PlyCount "70"]
[EventDate "2000.12.16"]
[EventType "swiss"]
[EventRounds "6"]
[EventCountry "USA"]
[SourceTitle "EXT 2007"]
[Source "ChessBase"]
[SourceDate "2006.11.23"]
[SourceVersion "1"]
[SourceVersionDate "2006.11.23"]
[SourceQuality "1"]

1. e4 e5 2. Nf3 d6 3. d4 exd4 4. Nxd4 Be7 5. Bc4 Nf6 6. Nc3 0-0 7. f4 c6 8. Bb3 b5 9. Qd3 b4 10. Nce2 Ba6 11. Qf3 d5 12. e5 Ne4 13. Be3 Qd7 14. Qh3 Qxh3 15. gxh3 Bh4+ 16. Kd1 Bf2 17. Bxf2 Nxf2+ 18. Kd2 Nxh1 19. Rxh1 Bb7 20. c3 bxc3+ 21. Kxc3 c5 22. Nb5 d4+ 23. Kd3 Bxh1 24. Nc7 Nc6 25. Nxa8 Rxa8 26. Ng3 Bg2 27. a3 Na5 28. Ba2 Rd8 29. b3 c4+ 30. Kd2 cxb3 31. Bb1 Nc4+ 32. Kd1 d3 33. Nf5 d2 34. Ne7+ Kh8 35. Bxh7 Bf3# 0-1

[Event "Romulus op"]
[Site "Romulus"]
[Date "2000.09.03"]
[Round "3"]
[White "Skidmore, Jennifer M"]
[Black "Finegold, Ronald"]
[Result "0-1"]
[WhiteElo "1867"]
[BlackElo "2024"]
[PlyCount "78"]
[EventDate "2000.09.01"]
[EventType "swiss"]
[EventRounds "7"]
[EventCountry "USA"]
[SourceTitle "EXT 2007"]
[Source "ChessBase"]
[SourceDate "2006.11.23"]
[SourceVersion "1"]
[SourceVersionDate "2006.11.23"]
[SourceQuality "1"]

1. e4 e6 2. d4 d5 3. exd5 exd5 4. Bd3 Nf6 5. Ne2 c5 6. c3 Nc6 7. Be3 c4 8. Bc2 Bd6 9. Bg5 h6 10. Bh4 b5 11. Nd2 0-0 12. 0-0 Bxh2+ 13. Kh1 Bd6 14. Nf3 Bg4 15. Nh2 Bxh2 16. Kxh2 Re8 17. f3 Bd7 18. Qd2 Qe7 19. Rae1 Ne4 20. fxe4 Qxh4+ 21. Kg1 dxe4 22. Nf4 f5 23. Nd5 Rac8 24. Rf4 Qg5 25. Ref1 Be6 26. Ne3 Rcd8 27. Qe2 Ne7 28. b3 cxb3 29. axb3 a6 30. Bb1 Ng6 31. Rxf5 Bxf5 32. Rxf5 Nf4 33. Qd2 Qg3 34. Nf1 e3 35. Nxg3 exd2 36. Bc2 Ne2+ 37. Nxe2 Rxe2 38. Rf1 Re1 39. b4 Rf8 0-1

[Event "Kalamazoo op07"]
[Site "Kalamazoo"]
[Date "2000.07.30"]
[Round "5"]
[White "Skidmore, Jennifer M"]
[Black "Grzegorczyk, Ron"]
[Result "1-0"]
[WhiteElo "1867"]
[BlackElo "1537"]
[PlyCount "45"]
[EventDate "2000.07.29"]
[EventType "swiss"]
[EventRounds "5"]
[EventCountry "USA"]
[SourceTitle "EXT 2007"]
[Source "ChessBase"]
[SourceDate "2006.11.23"]
[SourceVersion "1"]
[SourceVersionDate "2006.11.23"]
[SourceQuality "1"]

1. e4 c5 2. Nc3 Nc6 3. f4 d6 4. Bb5 e5 5. fxe5 dxe5 6. Qh5 Bd7 7. Bxc6 Bxc6 8. Qxe5+ Qe7 9. Nf3 Nf6 10. d3 b5 11. Bg5 b4 12. Ne2 h6 13. Bh4 Rc8 14. 0-0 c4 15. Rac1 Bb7 16. Qb5+ Qd7 17. Qe5+ Be7 18. Nfd4 0-0 19. Nf5 Rc7 20. Nxh6+ gxh6 21. Bxf6 Bd6 22. Qh5 Rc5 23. Qxh6 1-0

[Event "Kalamazoo op07"]
[Site "Kalamazoo"]
[Date "2000.07.29"]
[Round "2"]
[White "Avery, Robert William"]
[Black "Skidmore, Jennifer M"]
[Result "1/2-1/2"]
[WhiteElo "1561"]
[BlackElo "1867"]
[PlyCount "128"]
[EventDate "2000.07.29"]
[EventType "swiss"]
[EventRounds "5"]
[EventCountry "USA"]
[SourceTitle "EXT 2007"]
[Source "ChessBase"]
[SourceDate "2006.11.23"]
[SourceVersion "1"]
[SourceVersionDate "2006.11.23"]
[SourceQuality "1"]

1. d4 d5 2. Nf3 c6 3. Bg5 h6 4. Bh4 Nf6 5. e3 Bf5 6. Bd3 Ne4 7. Bxe4 dxe4 8. Ne5 Nd7 9. Nxd7 Qxd7 10. 0-0 g5 11. Bg3 h5 12. f3 exf3 13. Qxf3 Bg6 14. Nc3 Bh6 15. d5 h4 16. Be5 Rg8 17. dxc6 Qxc6 18. Qxc6+ bxc6 19. e4 g4 20. Rad1 Be3+ 21. Kh1 f6 22. Rd3 Bb6 23. Bf4 Ba5 24. Re1 Kf7 25. a3 Rgd8 26. b4 Bb6 27. Be3 Bc7 28. Red1 Rxd3 29. Rxd3 Be5 30. Bd4 Bd6 31. Kg1 a5 32. Bc5 axb4 33. Bxd6 exd6 34. axb4 Ke7 35. Kf2 Rb8 36. Rd4 Ke6 37. Ke3 Ke5 38. Rc4 f5 39. exf5 Bxf5 40. Ne2 d5 41. Rxc6 Rxb4 42. g3 h3 43. Nf4 Re4+ 44. Kd2 Rd4+ 45. Ke3 Re4+ 46. Kd2 Rxf4 47. gxf4+ Kxf4 48. Rc3 Be4 49. Rg3 d4 50. c3 dxc3+ 51. Kxc3 Bf3 52. Kd4 Bg2 53. Kd3 Bf3 54. Kd2 Ke4 55. Ke1 Ke3 56. Kf1 Kf4 57. Kf2 Ke4 58. Rg1 Kf4 59. Rb1 Bg2 60. Rb4+ Be4 61. Rc4 Kf5 62. Kg3 Bf3 63. Rc5+ Kg6 64. Kh4 Kf6 1/2-1/2